000 00333 a2200121 4500
000 nam a22 7a 4500
005 20260427105501.0
020 _a9780816673841
100 _aJanaki Nair
_91234635
245 _aMysore Modern: Rethinking the Region under Princely Rule
260 _bUniv Of Minnesota Press
_c2011
942 _cTEXL
999 _c1848549
_d1848549